| 000 | 01066 a2200181 4500 | ||
|---|---|---|---|
| 003 | Nust | ||
| 005 | 20221208104729.0 | ||
| 020 | _a0412368404 | ||
| 040 | _cNust | ||
| 082 | _a530.41, CHA | ||
| 100 |
_aChambers.R.G _9104430 |
||
| 245 |
_aElectrons in Metals nad Semiconductors _cR..G.Chambers |
||
| 260 |
_aLondon _bChapman and Hall _c1990: |
||
| 300 | _a230:p | ||
| 505 | _aThe Free Electron Model (Page-1), Properties of Free Electron Solids (Page-16), Crystal Structure and the Reciprocal Lattice (Page-35), Electrons in a Periodic Potentials (Page-46), Electronic band Structure (Page-60), The Potential Many Body Effects (Page-75), The Dynamics of Bloch Electrons (Page-85), Collisions (Page-107), Electrical Conductivity of Metals (Page-120) Metals in a Temperature Gradient (Page-133), Magnetorestance and Hall Effect (Page-146), Radio Frequency, Optical and Other Properties (Page-161), Carriers in Semiconductors (Page-175), Transport Properties of Semiconductors (Page-186), Other Topics (Page-203). | ||
| 650 |
_aElectrons _945166 |
||
| 942 |
_2ddc _cBK |
||
| 999 |
_c180840 _d180840 |
||